000 00828nam a2200277Ia 4500
001 Z_1504
003 CHAP
008 220113s1992 xx 000 0 und d
010 _a164593
040 _cCHAP
090 _aTesis C 778
100 _aCastro Villagómez, Alejandro
_920443
245 _aUtilización de antibióticos y probióticos en dietas para pollos de engorda /
_cpor Alejandro Castro Villagómez
260 _aChapingo, Méx. :
_bEl autor,
_c1992
300 _a51 h.
502 _aTesis (Ing. Agr. Esp. en Zootecnia) -- UACH. Departamento de Zootecnia
650 _aAntibióticos en nutrición animal
_96052
650 _aAves de corral
_xEngorda
_98647
650 _at: Probióticos
_9138663
901 _aTESIS C 778
902 _aM
910 _a1992
942 _c2
942 _c2
999 _c164593
_d164593